Povojnová hospodárska kríza 1921-1923 v Československu kandidátska práca

Saved in:
Bibliographic Details
Main Author: Faltus, Jozef
Corporate Author: Vysoká škola ekonomická v Bratislave
Other Authors: Rapoš, Pavol, Holotík, Ľudovít
Format: Book
Language:Slovak
Published: Bratislava 1963
Subjects:
Tags: Add Tag
No Tags, Be the first to tag this record!

MARC

LEADER 00000nam$a2200000$$$4500
001 0022254
005 20230116121343.5
041 0 |a slo 
044 |a SK 
245 1 0 |a Povojnová hospodárska kríza 1921-1923 v Československu  |b kandidátska práca  |c Jozef Faltus ; školitelia: Pavol Rapoš, Ľudovít Holotík 
264 1 |a Bratislava  |c 1963 
300 |a 941 s. 
610 2 0 |a história 
610 2 0 |a dejiny 
610 2 0 |a kríza hospodárska 
610 2 0 |a hospodárstvo povojnové 
610 2 0 |a vojny 
610 2 0 |a Československo 
610 2 0 |a 1921-1923 
100 1 |a Faltus, Jozef 
700 1 |a Rapoš, Pavol 
700 1 |a Holotík, Ľudovít 
710 2 |a Vysoká škola ekonomická v Bratislave